000 00689nam a2200193 i 4500
001 129286
003 ES-MaACL
005 20230906193455.0
007 t|
008 070611s1951 sp ||||1| spa d
080 _a312.924:912
100 1 _aTerán, Manuel de.
_9109726
245 1 3 _aLa representación cartográfica de la densidad de población /
_cManuel de Terán.
260 _aZaragoza :
_bConsejo Superior de Investigaciones Científicas. Instituto de Estudios Pirenaicos,
_c1951.
300 _a30 p., 1 map. pleg. :
_bil. ;
_c24 cm.
710 0 0 _aInstituto de Estudios Pirenaicos.
_94922
852 _aES-MaACL
_j1908-F-22
_bR.31145
852 _aES-MaACL
_j1929-F-14
_bR.31576
999 _c129286
_d129286